Segurança na estrada (Registo nº 5947)

Detalhes MARC
000 -Etiqueta do registo
Valores 00739nam a2200217 4500
021 ## - Número do Depósito Legal
Número 223450/05
100 ## - Dados gerais de processamento
Dados gerais 20211231d2005 m||y0pory5003 ba
200 1# - Titulo e menção de responsabilidade
Título próprio Segurança na estrada
Primeira menção de responsabilidade Angela Weinhold
Outras menções de responsabilidade trad. Mercedes Silveira
210 ## - Publicação
Local de publicação Lisboa
Nome do editor Verbo
Data de publicação 2006
215 ## - Descrição física 
Paginação / Volumes [16] p.
Outras indicações físicas il.
225 2# - Colecção 
Título próprio da colecção Onde? Como? Porquê?
330 ## - Sumário ou Resumo
Texto da nota Qual é o significado dos sinais de trânsito?<br/>No passeio estou em segurança?<br/>Que devo fazer na passadeira?<br/>Que devo fazer no autocarro?
606 ## - Nome comum usado como assunto
ID Autoridade 29
Palavra de ordem Publicação para crianças
675 ## - CDU
Notação 087.5:629
Edição med
Língua por
700 ## - Autor principal (pessoa individual)
Apelido Weinhold
Nome Angela
ID Autoridade 4709
702 ## - Autor secundário (pessoa individual)
Apelido Silveira
Nome Mercedes
ID Autoridade 4710
801 #0 - Fonte de origem
País PT
Agência BMVN
Regras de catalogação RPC
830 ## - Notas gerais do catalogador
Criado por Inês Silva
Data de criação 31/12/2021
990 ## - Elementos KOHA
Tipo de documento Livro
Exemplares
Situação do levantamento Biblioteca de origem Código de barras Cota Permissão de empréstimo Tipo de documento Forma de aquisição
  Biblioteca Municipal de Vendas Novas 100000034370 PD VAR/WEI   Livro  

Powered by Koha